Statistics for 10 Most Hindu Countries

Click here to take the quiz!

General Stats

  • This quiz has been taken 107 times
  • The average score is 6 of 10

Answer Stats

Hindu PopulationAnswer% Correct
79.8%India
100%
81.3%Nepal
90%
25%Bhutan
80%
12.6%Sri Lanka
80%
31.5%Fiji
42%
48.5%Mauritius
41%
22.5%Trinidad and Tobago
36%
30.5%Guyana
35%
23.5%Suriname
32%
12%Kuwait
23%

Score Distribution

Percentile by Number Answered

Percent of People with Each Score

Your Score History

You have not taken this quiz